| 000 | 00693nam a22001937a 4500 | ||
|---|---|---|---|
| 005 | 20251108172857.0 | ||
| 008 | 250721s2004 xx 000 0 ara d | ||
| 082 | 1 | 4 | _a956.4053/إنت |
| 245 | 1 | 0 | _aإنتفاضة الأقصى 2000 الكتاب التاسع : قصص دامية وحكايات الشهداء... / |
| 264 | 1 |
_aعمان : _bدار الجليل للنشر و التوزيع، _c2004. |
|
| 300 | _a252 ص. | ||
| 490 | 0 | _aوثيقة ؛ الكتاب التاسع | |
| 650 | 1 | 7 | _aتاريخ فلسطين |
| 650 | 1 | 7 | _aالإنتفاضة الفلسطينية 1987-/ |
| 650 | 1 | 7 | _aالشهداء |
| 650 | 1 | 7 | _aالمجازر البشرية |
| 942 |
_2ddc _cBK |
||
| 999 |
_c90714 _d90714 |
||